000 00713nam a2200229 4500
003 OSt
005 20240614035842.0
006 a
008 240614b |||||||| |||| 00| 0 eng d
020 _a9781133307372
040 _aDWCL-Main lib.
_cOC
082 _2Fourth edition
_aCirc. 425 G624b 2013
100 _aGolstein, Barbara
245 _aGrammar to go : how it works and how to use it /
250 _aFourth edition
260 _aAustralia :
_bWadsworth/Cengage Learning,
_cc2013.
300 _axi,
_b270 p. ;
_c23 cm.
504 _aIncludes index.
650 _a1. English language–Grammar–Problems, exercises, etc.
700 _aBarbara Golstein
942 _2ddc
_n0
_cBK-CIRC
_eFourth edition
_kCirc.
999 _c686
_d686